LEADER 01212nam a2200289 a 4500 001 000000142083 003 CaOOAMICUS 005 20150303144911.0 008 150303s2015 it u000 u ita r 020 $a978-88-372-2865-1 040 $aPUL$bita 082 04$a230 100 1 $aRivoltella, Pier Cesare,$d1964-$0(OLS)http://pul/name/40424 245 13$aLe virtù del digitale :$bper un'etica dei media /$cPier Cesare Rivoltella. 260 $aBrescia :$bMorcelliana,$c©2015. 300 $a115 p. ;$c19 cm 490 1 $aIl pellicano rosso. Nuova serie ;$v221 650 4$aMass media$xAspetti etici.$0(OLS)http://pul/subject/41346 830 3$aIl pellicano rosso.$pNuova serie ;$v221.$0(OLS)http://pul/title/103420 850 $aPUL 852 $aPUL$W1$xSL Religione 3$y85$m230 COLL 12.221$j164017$qDDC 21$B164088$CPULBib$Z2$F164088 $H125502 $82 941 1 $a9 996 $6020$a978-88-372-2865-1$9(OLS)http://pul/number/157117 996 $6082$a230$9(OLS)http://pul/classification/368 996 $6245$aLe virtù del digitale :$bper un'etica dei media$9(OLS)http://pul/title/179856 996 $6260$aBrescia :$bMorcelliana$9(OLS)http://pul/publisher/47854 LEADER 01629nam a2200373 u 4500 001 000000108719 003 CaOOAMICUS 005 20071206162632.0 008 071206s2007 it f u000 u ita u 020 $z978-88-02-07770-3* 040 $aPUL$bita$dLDB 041 1 $aita$hgrc 100 0 $aProclus Atheniensis,$d410-c. 485.$0(OLS)http://pul/name/894 245 10$aTeologia platonica /$cdi Proclo ; a cura di Mario Casaglia, Alessandro Linguiti. 260 $aTorino :$bUnione tipografico-editrice torinese,$c2007. 300 $686 p., [6] c. di tav. :$bill. ;$c24 cm. 490 1 $aClassici della filosofia ;$v48 490 1 $aClassici UTET 504 $aInclude indici e note bibliografiche. 700 1 $aCasaglia, Mario.$0(OLS)http://pul/name/25339 700 1 $aLinguiti, Alessandro,$d1957-$0(OLS)http://pul/name/66620 830 0$aClassici della filosofia (UTET) ;$v48.$0(OLS)http://pul/title/8314 830 0$aClassici UTET.$0(OLS)http://pul/title/1243 850 $aPUL 852 $aPUL$W1$xSL Filosofia 1$y2$m87 M 48$j123974$qStampati$B122876$CPULBib$Z2$F122876 $H105954 $82 900 $aProclo,$d410-c. 485$9894 900 $aProclo di Atene,$d410-c. 485$9894 900 $aProclus Diadochus,$dc. 410-485$9894 900 $aProclo Licio Diadoco,$dc. 410-485$9894 900 $aProclus Lycius Diadochus,$d410-c. 485$9894 941 1 $a8 996 $6020$z978-88-02-07770-3*$9(OLS)http://pul/number/136525 996 $6245$aTeologia platonica$9(OLS)http://pul/title/136783 996 $6260$aTorino :$bUnione tipografico-editrice torinese$9(OLS)http://pul/publisher/48298